Los viajes de Penélope : Las tres vidas de un velero legendario. De la exploración patagónica a la guerra de Malvinas /

Guardado en:
Autor Principal: Herrscher, Roberto.
Formato: Libro
Idioma:Undetermined
Publicado: Buenos Aires : Tusquets, 2022.
Series:Andanzas
Materias:
Etiquetas: Agregar Etiqueta
Sin Etiquetas, Sea el primero en etiquetar este registro!
LEADER 01497nam a22002775a 4500
001 CEM.cems019917
008 230321s2022####ag############000#0#und#d
005 20240304084103.0
245 1 0 |a Los viajes de Penélope :  |b Las tres vidas de un velero legendario. De la exploración patagónica a la guerra de Malvinas /  |c Roberto Herrscher. 
260 |a Buenos Aires :  |b Tusquets,  |c 2022. 
300 |a 352 p. 
490 1 |a Andanzas 
505 0 |a Los tripulantes del ara Penélope -- Nosotros, otra vez -- Seis marinos sobre la turba malvinera -- El colimba traductor -- Goleta en guerra -- Reencuentro en Saladillo -- Pequeña, amarga victoria -- El futura sigue su camino -- Los años del Auxiliary Keth Penélope -- Confrontación con la pregunta 7 -- La llegada del barco blanco -- Nieve en el cuenco de la mano -- Los últimos años del Penélope -- La tenue trama de la estampilla -- El regreso del Feuerland -- De Tsingtau al país de las maravillas -- Donde nadie había llegado -- El sueño del navegante historiador -- El largo camino a casa -- La memoria es una goleta en la niebla 
020 |a 9789876707336 
100 1 |a Herrscher, Roberto. 
653 |a Historia 
653 |a Historia Argentina 
653 |a Malvinas 
653 |a Ensayo 
653 |a Guerra de Malvinas 
653 |a Narrativa 
653 |a Literatura 
653 |a Literatura Argentina 
653 |a Relatos 
653 |a Colección Malvinas nos une 
859 |a CEMS  |b BIB. CEMS - Agricultura  |h A868.4  |i H436  |p A3471.23  |t Ej.1